A banking thoroughbred : Teh Hong Piow /

Guardat en:
Dades bibliogràfiques
Autor principal: Bowie, Paddy (Autor)
Format: Llibre
Idioma:English
Publicat: Kuala Lumpur : Public Bank Berhad, 2006.
Matèries:
Etiquetes: Afegir etiqueta
Sense etiquetes, Sigues el primer a etiquetar aquest registre!
LEADER 01435cam a2200325 i 4500
001 u84940
003 SIRSI
005 20210114121238.0
008 110131 eng
020 |a 9789839972252 
020 |a 9839972251 
050 |a HG1552.T26   |b .B68 2006 
100 1 |a Bowie, Paddy. ,  |e author  |9 15574 
245 1 2 |a A banking thoroughbred :  |b Teh Hong Piow /  |c Paddy Bowie. 
264 1 |a Kuala Lumpur :  |b Public Bank Berhad,  |c 2006. 
300 |a 439 pages :  |b color illustrations ;  |c 24 cm. 
336 |a text  |b txt  |2 rdacontent 
337 |a unmediated  |b n  |2 rdamedia 
338 |a volume  |b nc  |2 rdacarrier 
596 |a 1 
600 0 0 |a Teh, Hong Piaw  |x Biography  |9 15575 
650 0 |a Bankers  |z Malaysia.  |9 15576 
650 0 |a Banks and banking  |z Malaysia.  |9 1987 
942 |c BOOK_OA 
997 |a 133698; 05706; 05709 
998 |a 1  |b Shafrizan Shafferi 
999 |c 144640  |d 144640 
952 |0 0  |1 0  |2 LCC  |4 0  |6 HG1552 T26 B68 02006  |7 0  |9 260375  |a UTHM_LIB  |b UTHM_LIB  |c OPENACCS  |d 2008-07-07  |g 50.00  |l 0  |n 3  |o HG1552.T26 .B68 2006  |p 1000211054  |r 2020-12-05  |t 1  |w 2020-12-05  |y BOOK_OA 
952 |0 0  |1 0  |2 LCC  |4 0  |6 HG1552 T26 B68 02006  |7 0  |9 260376  |a UTHM_LIB  |b UTHM_LIB  |c OPENACCS  |d 2011-04-15  |l 0  |n 2  |o HG1552.T26 .B68 2006  |p 1000244021  |r 2020-12-05  |t 2  |w 2020-12-05  |y BOOK_OA 
952 |0 0  |1 0  |2 LCC  |4 0  |6 HG1552 T26 B68 02006  |7 0  |9 260377  |a UTHM_LIB  |b UTHM_LIB  |c OPENACCS  |d 2011-04-15  |l 0  |n 1  |o HG1552.T26 .B68 2006  |p 1000244022  |r 2020-12-05  |t 3  |w 2020-12-05  |y BOOK_OA